Acústica medioambiental / (Registro nro. 54167)

Detalles MARC
000 -LEADER
campo de control de longitud fija 03424cam a22005774i 4500
003 - IDENTIFICADOR DE NÚMERO DE CONTROL
campo de control PE-LiUPU
005 - FECHA Y HORA DE LA ÚLTIMA TRANSACCIÓN
campo de control 20250731183433.0
008 - DATOS DE LONGITUD FIJA--INFORMACIÓN GENERAL
campo de control de longitud fija 150706s2010 sp a r 000 0 d
020 ## - NÚMERO INTERNACIONAL ESTÁNDAR DEL LIBRO
Número Internacional Estándar del Libro 9786123040031
020 ## - NÚMERO INTERNACIONAL ESTÁNDAR DEL LIBRO
Número Internacional Estándar del Libro 9788499480213 (volumen II)
020 ## - NÚMERO INTERNACIONAL ESTÁNDAR DEL LIBRO
Número Internacional Estándar del Libro 9788499480206 (volumen I)
035 ## - NÚMERO DE CONTROL DEL SISTEMA
Número de control de sistema (Sirsi) i9786123040031
040 ## - FUENTE DE CATALOGACIÓN
Centro catalogador/agencia de origen PE-LiUPU
Lengua de catalogación spa
Centro/agencia transcriptor PE-LiUPU
Normas de descripción rda
049 ## - FONDOS LOCALES (OCLC)
Biblioteca depositaria PRUA
082 04 - NÚMERO DE LA CLASIFICACIÓN DECIMAL DEWEY
Número de clasificación 534
Cutter B23
Número de edición 21
082 04 - NÚMERO DE LA CLASIFICACIÓN DECIMAL DEWEY
Número de clasificación 729.29
Cutter B24 2010
100 1# - ENTRADA PRINCIPAL--NOMBRE DE PERSONA
Nombre de persona Barti Domingo, Robert,
Término indicativo de función/relación autor.
245 10 - MENCIÓN DEL TÍTULO
Título Acústica medioambiental /
Mención de responsabilidad, etc. Robert Barti Domingo.
264 #1 - PRODUCCIÓN, PUBLICACIÓN, DISTRIBUCIÓN, FABRICACIÓN Y COPYRIGHT
Producción, publicación, distribución, fabricación y copyright San Vicente (Alicante, España) :
Nombre del de productor, editor, distribuidor, fabricante Editorial Club Universitario,
Fecha de producción, publicación, distribución, fabricación o copyright [2010].
300 ## - DESCRIPCIÓN FÍSICA
Extensión 2 volumenes (573 páginas) :
Otras características físicas ilustraciones ;
Dimensiones 24 centímetros.
336 ## - TIPO DE CONTENIDO
Término de tipo de contenido text
Fuente rdacontent
337 ## - TIPO DE MEDIO
Nombre/término del tipo de medio unmediated
Fuente rdamedia
338 ## - TIPO DE SOPORTE
Nombre/término del tipo de soporte volume
Fuente rdacarrier
504 ## - NOTA DE BIBLIOGRAFÍA, ETC.
Nota de bibliografía, etc. Incluye bibliografía.
505 0# - NOTA DE CONTENIDO CON FORMATO
Nota de contenido con formato Volumen I: Propiedades del sonido -- Propagación del sonido -- Medida del sonido -- Sistema auditivo humano -- Efectos del ruido sobre las personas -- La sonoridad del sonido -- Análisis en frecuencia -- Ruido del tráfico -- Volumen II: Ruido de ferrocarril -- Ruido de aeronaves -- Ruido de actividades -- Acústica urbana -- Modelos de predicción del ruido de tráfico -- Barreras acústicas.
505 0# - NOTA DE CONTENIDO CON FORMATO
Nota de contenido con formato Volumen II: Ruido de ferrocarril -- Ruido de aeronaves -- Ruido de actividades -- Acústica urbana -- Modelos de predicción del ruido de tráfico -- barreras acústicas.
526 ## - NOTA DE INFORMACIÓN SOBRE EL PROGRAMA DE ESTUDIO
Nombre del programa Maestría Bim Facility Management (A distancia)
526 ## - NOTA DE INFORMACIÓN SOBRE EL PROGRAMA DE ESTUDIO
Nombre del programa
526 ## - NOTA DE INFORMACIÓN SOBRE EL PROGRAMA DE ESTUDIO
Nombre del programa Educación musical y artes
526 ## - NOTA DE INFORMACIÓN SOBRE EL PROGRAMA DE ESTUDIO
Nombre del programa Educación, especialidad educación física
526 ## - NOTA DE INFORMACIÓN SOBRE EL PROGRAMA DE ESTUDIO
Nombre del programa Arquitectura
541 ## - NOTA DE FUENTE DE ADQUISICIÓN DIRECTA
-- 015-0016191;
541 ## - NOTA DE FUENTE DE ADQUISICIÓN DIRECTA
-- 0014-0001982;
541 ## - NOTA DE FUENTE DE ADQUISICIÓN DIRECTA
-- 001-0042329;
596 ## -
-- 1 3
650 14 - PUNTO DE ACCESO ADICIONAL DE MATERIA--TÉRMINO DE MATERIA
Término de materia o nombre geográfico como elemento de entrada Acústica arquitectónica.
650 24 - PUNTO DE ACCESO ADICIONAL DE MATERIA--TÉRMINO DE MATERIA
Término de materia o nombre geográfico como elemento de entrada Acústica.
910 ## - DATOS DE OPCIÓN DEL USUARIO (OCLC)
Datos de opción del usuario gl
-- lch
-- 20131126
910 ## - DATOS DE OPCIÓN DEL USUARIO (OCLC)
Datos de opción del usuario rmch
-- tqv
-- aic
-- 20170214
910 ## - DATOS DE OPCIÓN DEL USUARIO (OCLC)
Datos de opción del usuario dbm
-- ncf
-- ncf
-- 20180115
942 ## - ELEMENTOS DE ENTRADA SECUNDARIOS (KOHA)
Fuente del sistema de clasificación o colocación Clasificación Decimal Dewey
Tipo de ítem Koha
949 ## - PROCESAMIENTO DE INFORMACIÓN LOCAL (OCLC)
a 534 B23 2
w DEWEY
c 1
i 69099
l CCODEBUL1
m BUL
p 49.00
r 0
s Y
t BOOK
u 2015-7-6
x INGENIERIA
-- P24
o .STAFF. Colección General
949 ## - PROCESAMIENTO DE INFORMACIÓN LOCAL (OCLC)
a 729.29 B24 V1 2010
w DEWEY
c 1
i FJ06810
l CCODEBUJ1
m BUJ
p 36.28
r 0
s Y
t BOOK
u 2017-02-14
x INGENIERÍA
-- P24
0 COMPRA
o .STAFF. Colección General Juliaca
949 ## - PROCESAMIENTO DE INFORMACIÓN LOCAL (OCLC)
a 729.29 B24 V2 2010
w DEWEY
c 1
i FJ06811
l CCODEBUJ1
m BUJ
p 36.28
r 0
s Y
t BOOK
u 2017-02-14
x INGENIERÍA
-- P24
0 COMPRA
o .STAFF. Colección General Juliaca
994 ## -
-- C0
-- PEPRU
999 ## - NÚMEROS DE CONTROL DE SISTEMA (KOHA)
-- DEWEY
-- 69099
-- 2021-11-10
-- 7
-- CCODEBUL1
-- BUL
-- 49.00
-- 1
-- 0
-- Y
-- BOOK
-- 2015-7-6
-- INGENIERIA
-- P24
-- COMPRA
-- .STAFF. Colección General
999 ## - NÚMEROS DE CONTROL DE SISTEMA (KOHA)
-- DEWEY
-- 78001
-- 2021-11-10
-- 4
-- CCODEBUL1
-- BUL
-- 37.03
-- 0
-- Y
-- BOOK
-- 2018-1-15
-- INGENIERIA
-- P24
-- COMPRA
-- .STAFF. Colección Ingeniería y Arquitectura
999 ## - NÚMEROS DE CONTROL DE SISTEMA (KOHA)
-- DEWEY
-- FJ06810
-- 2018-12-12
-- 2022-2-1
-- 2
-- CCODEBUJ1
-- BUJ
-- 1
-- 36.28
-- 2
-- 0
-- Y
-- BOOK
-- 2017-2-14
-- INGENIERIA
-- P24
-- COMPRA
-- .STAFF. Colección General Juliaca
999 ## - NÚMEROS DE CONTROL DE SISTEMA (KOHA)
-- DEWEY
-- FJ06811
-- 2018-12-12
-- 2022-2-1
-- 2
-- CCODEBUJ1
-- BUJ
-- 1
-- 36.28
-- 0
-- Y
-- BOOK
-- 2017-2-14
-- INGENIERIA
-- P24
-- COMPRA
-- .STAFF. Colección General Juliaca
980 ## - EQUIVALENCIA O REFERENCIA-CRUZADA-MENCIÓN DE SERIE--NOMBRE DE PERSONA/TÍTULO [LOCAL, CANADÁ]
ID del último usuario que modificó el registro 1
Nombre del último usuario que modificó el registro ALBERTO SANCHEZ Responsable de Automatización
Existencias
Visto por última vez Número de inventario Total de préstamos Signatura topográfica completa Código de barras Fecha del último préstamo Copia número Coste, precio de reemplazo Fecha de reemplazo Facultad Tipo de ítem Koha Nota pública Estado de pérdida Fuente del sistema de clasificación o colocación Restricciones de uso No para préstamo Colección Programa académico Biblioteca de origen Biblioteca actual Ubicación en estantería Fecha de adquisición Fuente de adquisición Coste, precio normal de compra
2025-12-03 8 1 729.29 B23 2 69099 2018-12-12 e1 54.00 2015-07-06 FIA Libros físicos inventario-2023-12-13 No Perdido Clasificación Decimal Dewey No restringido Disponible para préstamos Colección General Ingeniería ambiental Biblioteca CRAI UPeU Lima Biblioteca CRAI UPeU Lima Sala principal 2015-07-06 COMPRA 49.00
2025-12-03 5 1 729.29 B23 2 78001 2018-12-12 e2 42.03 2018-01-15 FIA Libros físicos inventario-2023-12-13 No Perdido Clasificación Decimal Dewey No restringido Disponible para préstamos Colección General Ingeniería ambiental Biblioteca CRAI UPeU Lima Biblioteca CRAI UPeU Lima Sala principal 2018-01-15 COMPRA 37.03